[Event "English Schools Championship Final 2024"]
[Site "Nottingham University Kings Meadow Campus, United Kingdom"]
[Date "2024.06.27"]
[Round "1.5"]
[White "Schwager, Ziggy"]
[Black "Kilambi, Venkata Ananth Akshay"]
[Result "0-1"]
[TimeControl "G50' + 10\" per move."]
[WhiteFideId "343414478"]
[BlackFideId "489395"]
[WhiteElo "1357"]
[BlackElo "1985"]

1. c4 {[%clk 00:50:18]} {[%emt 00:00:02]} e5 {[%clk 00:50:16]} {[%emt
00:00:04]} 2. Nc3 {[%clk 00:50:23]} {[%emt 00:00:05]} d6 {[%clk 00:50:22]}
{[%emt 00:00:04]} 3. g3 {[%clk 00:50:11]} {[%emt 00:00:22]} f5 {[%clk
00:50:27]} {[%emt 00:00:04]} 4. d3 {[%clk 00:49:28]} {[%emt 00:00:54]} Nf6
{[%clk 00:50:32]} {[%emt 00:00:04]} 5. e4 {[%clk 00:49:13]} {[%emt 00:00:26]}
c6 {[%clk 00:50:19]} {[%emt 00:00:23]} 6. Bg2 {[%clk 00:48:47]} {[%emt
00:00:35]} Be7 {[%clk 00:50:13]} {[%emt 00:00:17]} 7. Nge2 {[%clk 00:48:13]}
{[%emt 00:00:43]} O-O {[%clk 00:50:05]} {[%emt 00:00:18]} 8. O-O {[%clk
00:47:57]} {[%emt 00:00:27]} Be6 {[%clk 00:49:21]} {[%emt 00:00:53]} 9. f4
{[%clk 00:47:15]} {[%emt 00:00:52]} Qb6+ {[%clk 00:49:08]} {[%emt 00:00:23]} 10.
Kh1 {[%clk 00:46:53]} {[%emt 00:00:32]} Ng4 {[%clk 00:46:02]} {[%emt 00:03:16]}
11. Qe1 {[%clk 00:44:10]} {[%emt 00:02:53]} Nd7 {[%clk 00:43:41]} {[%emt
00:02:32]} 12. Na4 {[%clk 00:42:04]} {[%emt 00:02:16]} Qc7 {[%clk 00:42:07]}
{[%emt 00:01:43]} 13. h3 {[%clk 00:40:57]} {[%emt 00:01:16]} Nh6 {[%clk
00:41:17]} {[%emt 00:01:01]} 14. g4 {[%clk 00:39:47]} {[%emt 00:01:21]} fxg4
{[%clk 00:39:22]} {[%emt 00:02:05]} 15. f5 {[%clk 00:39:05]} {[%emt 00:00:52]}
gxh3 {[%clk 00:39:20]} {[%emt 00:00:12]} 16. Bxh3 {[%clk 00:38:41]} {[%emt
00:00:33]} Bf7 {[%clk 00:39:18]} {[%emt 00:00:12]} 17. Bxh6 {[%clk 00:36:32]}
{[%emt 00:02:19]} gxh6 {[%clk 00:39:26]} {[%emt 00:00:03]} 18. Qc3 {[%clk
00:29:23]} {[%emt 00:07:19]} a6 {[%clk 00:32:38]} {[%emt 00:06:58]} 19. Rg1+
{[%clk 00:23:04]} {[%emt 00:06:28]} Kh8 {[%clk 00:30:54]} {[%emt 00:01:55]} 20.
Nf4 {[%clk 00:21:03]} {[%emt 00:02:08]} Nf6 {[%clk 00:29:05]} {[%emt 00:02:01]}
21. Ne6 {[%clk 00:19:58]} {[%emt 00:01:17]} Bxe6 {[%clk 00:29:08]} {[%emt
00:00:06]} 22. fxe6 {[%clk 00:19:26]} {[%emt 00:00:42]} b5 {[%clk 00:29:12]}
{[%emt 00:00:06]} 23. Qd2 {[%clk 00:17:36]} {[%emt 00:01:58]} bxa4 {[%clk
00:27:35]} {[%emt 00:01:49]} 24. Qxh6 {[%clk 00:16:12]} {[%emt 00:01:33]} Rg8
{[%clk 00:27:10]} {[%emt 00:00:35]} 25. Bf5 {[%clk 00:13:37]} {[%emt 00:02:46]}
Rxg1+ {[%clk 00:24:51]} {[%emt 00:02:28]} 26. Rxg1 {[%clk 00:13:35]} {[%emt
00:00:11]} Rg8 {[%clk 00:24:57]} {[%emt 00:00:04]} 27. Rf1 {[%clk 00:11:49]}
{[%emt 00:01:57]} Qd8 {[%clk 00:22:11]} {[%emt 00:02:56]} 28. Bxh7 {[%clk
00:10:39]} {[%emt 00:01:20]} Bf8 {[%clk 00:11:58]} {[%emt 00:10:23]} 29. Qh4
{[%clk 00:08:28]} {[%emt 00:02:16]} Rg4 {[%clk 00:11:51]} {[%emt 00:00:22]} 30.
Qxf6+ {[%clk 00:05:43]} {[%emt 00:02:55]} Qxf6 {[%clk 00:11:45]} {[%emt
00:00:17]} 31. Rxf6 {[%clk 00:05:24]} {[%emt 00:00:29]} Rh4+ {[%clk 00:11:54]}
32. Kg2 {[%clk 00:04:44]} {[%emt 00:00:47]} Be7 {[%clk 00:12:02]} {[%emt
00:00:04]} 33. Rf7 {[%clk 00:02:49]} {[%emt 00:02:05]} Rxh7 {[%clk 00:12:05]}
{[%emt 00:00:06]} 34. Rxh7+ {[%emt 00:00:10]} Kxh7 {[%emt 00:00:04]} 35. Kf3
{[%clk 00:02:38]} {[%emt 00:00:08]} Kg6 {[%clk 00:12:10]} {[%emt 00:00:06]} 36.
Ke2 {[%clk 00:02:37]} {[%emt 00:00:08]} Kf6 {[%clk 00:12:11]} {[%emt 00:00:12]}
37. Kd2 {[%clk 00:02:26]} {[%emt 00:00:20]} Bd8 {[%clk 00:11:49]} {[%emt
00:00:33]} 38. b3 {[%emt 00:00:45]} Ba5+ {[%clk 00:11:38]} {[%emt 00:00:18]} 39.
Kc2 {[%clk 00:01:32]} {[%emt 00:00:29]} a3 {[%clk 00:11:24]} {[%emt 00:00:26]}
40. Kd1 {[%clk 00:01:20]} {[%emt 00:00:20]} Kxe6 {[%clk 00:11:29]} {[%emt
00:00:07]} 41. Ke2 {[%clk 00:01:28]} {[%emt 00:00:02]} d5 {[%clk 00:11:30]}
{[%emt 00:00:10]} 42. Ke3 {[%clk 00:01:29]} {[%emt 00:00:08]} Bb6+ {[%clk
00:11:20]} {[%emt 00:00:21]} 43. Kf3 {[%clk 00:01:15]} {[%emt 00:00:22]} Bd4
{[%clk 00:11:12]} {[%emt 00:00:19]} 44. cxd5+ {[%clk 00:00:52]} {[%emt
00:00:34]} cxd5 {[%clk 00:11:19]} {[%emt 00:00:02]} 45. Ke2 {[%clk 00:00:48]}
{[%emt 00:00:15]} dxe4 {[%clk 00:11:17]} {[%emt 00:00:11]} 46. dxe4 {[%clk
00:00:55]} {[%emt 00:00:04]} Kd6 {[%clk 00:11:17]} {[%emt 00:00:09]} 47. Kd3
{[%clk 00:00:56]} {[%emt 00:00:09]} Kc5 {[%clk 00:11:22]} {[%emt 00:00:06]} 48.
Kd2 {[%clk 00:00:37]} {[%emt 00:00:28]} Ba1 {[%clk 00:11:03]} {[%emt 00:00:29]}
49. Kd3 {[%clk 00:00:34]} {[%emt 00:00:13]} Bb2 {[%clk 00:10:53]} {[%emt
00:00:21]} 50. Ke3 {[%clk 00:00:39]} {[%emt 00:00:03]} Kb4 {[%clk 00:10:19]}
{[%emt 00:00:45]} 51. Kd2 {[%clk 00:00:40]} {[%emt 00:00:09]} a5 {[%clk
00:10:26]} {[%emt 00:00:03]} 52. Kd3 {[%clk 00:00:40]} {[%emt 00:00:10]} Bd4
{[%clk 00:10:23]} {[%emt 00:00:13]} 53. Kc2 {[%clk 00:00:38]} {[%emt 00:00:12]}
a4 {[%clk 00:10:30]} {[%emt 00:00:04]} 54. bxa4 {[%clk 00:00:42]} {[%emt
00:00:06]} Kxa4 {[%clk 00:10:34]} {[%emt 00:00:04]} 55. Kd3 {[%clk 00:00:49]}
{[%emt 00:00:04]} Kb4 {[%clk 00:10:38]} {[%emt 00:00:07]} 56. Kc2 {[%clk
00:00:49]} {[%emt 00:00:09]} Kc4 {[%clk 00:10:46]} {[%emt 00:00:02]} 57. Kd2
{[%clk 00:00:54]} {[%emt 00:00:06]} Bc3+ {[%clk 00:10:49]} {[%emt 00:00:07]} 58.
Ke3 {[%clk 00:01:01]} {[%emt 00:00:02]} Be1 {[%clk 00:08:52]} {[%emt 00:02:07]}
59. Ke2 {[%clk 00:00:31]} {[%emt 00:00:41]} Bg3 {[%emt 00:00:27]} 60. Kf3
{[%clk 00:00:14]} {[%emt 00:00:07]} Bf4 {[%clk 00:08:51]} {[%emt 00:00:12]} 61.
Kg4 {[%clk 00:00:21]} {[%emt 00:00:04]} Kc3 {[%clk 00:08:55]} {[%emt 00:00:07]}
62. Kf3 {[%clk 00:00:18]} {[%emt 00:00:11]} Kb2 {[%clk 00:09:02]} {[%emt
00:00:04]} 63. Ke2 {[%clk 00:00:26]} {[%emt 00:00:02]} Kxa2 {[%clk 00:09:04]}
{[%emt 00:00:09]} 64. Kd3 {[%clk 00:00:24]} {[%emt 00:00:11]} Kb3 {[%clk
00:09:10]} {[%emt 00:00:04]} 65. Ke2 {[%clk 00:00:16]} {[%emt 00:00:17]} a2
{[%clk 00:09:19]} {[%emt 00:00:03]} 66. Kd3 {[%clk 00:00:20]} {[%emt 00:00:05]}
a1=Q {[%clk 00:09:24]} {[%emt 00:00:06]} 67. Ke2 {[%clk 00:00:27]} {[%emt
00:00:02]} Kc2 {[%clk 00:09:26]} {[%emt 00:00:08]} 68. Kf2 {[%clk 00:00:32]}
{[%emt 00:00:04]} Qd4 {[%clk 00:09:34]} {[%emt 00:00:04]} 69. Kf3 {[%clk
00:00:38]} {[%emt 00:00:03]} Kd3 {[%clk 00:09:41]} {[%emt 00:00:04]} 70. Kg4
{[%clk 00:00:42]} {[%emt 00:00:06]} Qxe4 {[%clk 00:09:47]} {[%emt 00:00:04]} 71.
Kh5 {[%clk 00:00:50]} {[%emt 00:00:02]} Qf5+ {[%clk 00:09:45]} {[%emt
00:00:11]} 72. Kh4 {[%clk 00:00:56]} {[%emt 00:00:04]} Qg5+ {[%clk 00:09:44]}
{[%emt 00:00:11]} 0-1

[Event "English Schools Championship Final 2024"]
[Site "Nottingham University Kings Meadow Campus, United Kingdom"]
[Date "2024.06.27"]
[Round "1.7"]
[White "Buanne, Luca"]
[Black "Mesropyan, Hayk"]
[Result "0-1"]
[TimeControl "G50' + 10\" per move."]
[WhiteFideId "460133"]
[BlackFideId "499455"]
[WhiteElo "2154"]
[BlackElo "2066"]

1. e4 {[%clk 00:50:18]} {[%emt 00:00:01]} e5 {[%clk 00:50:18]} {[%emt
00:00:03]} 2. Nf3 {[%clk 00:50:25]} {[%emt 00:00:03]} Nc6 {[%clk 00:50:25]}
{[%emt 00:00:03]} 3. Bb5 {[%clk 00:50:11]} {[%emt 00:00:24]} a6 {[%clk
00:50:31]} {[%emt 00:00:04]} 4. Ba4 {[%clk 00:50:18]} {[%emt 00:00:03]} Nf6
{[%clk 00:50:37]} {[%emt 00:00:04]} 5. O-O {[%clk 00:50:11]} {[%emt 00:00:16]}
b5 {[%clk 00:50:45]} {[%emt 00:00:02]} 6. Bb3 {[%clk 00:50:17]} {[%emt
00:00:05]} Be7 {[%clk 00:50:50]} {[%emt 00:00:05]} 7. Re1 {[%clk 00:49:43]}
{[%emt 00:00:43]} O-O {[%clk 00:50:48]} {[%emt 00:00:13]} 8. a4 {[%clk
00:49:06]} {[%emt 00:00:46]} Bb7 {[%clk 00:50:47]} {[%emt 00:00:11]} 9. c3
{[%clk 00:48:21]} {[%emt 00:00:56]} d6 {[%clk 00:50:00]} {[%emt 00:00:56]} 10.
d4 {[%clk 00:47:14]} {[%emt 00:01:17]} Re8 {[%clk 00:49:53]} {[%emt 00:00:18]}
11. Nbd2 {[%clk 00:40:11]} {[%emt 00:07:13]} Bf8 {[%clk 00:48:38]} {[%emt
00:01:24]} 12. axb5 {[%clk 00:31:15]} {[%emt 00:09:07]} axb5 {[%clk 00:48:20]}
{[%emt 00:00:27]} 13. Rxa8 {[%clk 00:31:20]} {[%emt 00:00:05]} Bxa8 {[%clk
00:47:37]} {[%emt 00:00:53]} 14. Ng5 {[%clk 00:21:46]} {[%emt 00:09:45]} Re7
{[%clk 00:46:09]} {[%emt 00:01:38]} 15. Ndf3 {[%clk 00:21:01]} {[%emt
00:00:54]} h6 {[%clk 00:39:29]} {[%emt 00:06:50]} 16. Nxf7 {[%clk 00:19:13]}
{[%emt 00:01:58]} Rxf7 {[%clk 00:39:21]} {[%emt 00:00:19]} 17. dxe5 {[%clk
00:16:30]} {[%emt 00:02:52]} dxe5 {[%clk 00:29:11]} {[%emt 00:10:20]} 18. Bxf7+
{[%clk 00:14:50]} {[%emt 00:01:50]} Kxf7 {[%clk 00:28:17]} {[%emt 00:01:04]} 19.
Nxe5+ {[%clk 00:14:56]} {[%emt 00:00:04]} Kg8 {[%clk 00:27:50]} {[%emt
00:00:37]} 20. Qb3+ {[%clk 00:14:01]} {[%emt 00:01:05]} Kh7 {[%clk 00:27:50]}
{[%emt 00:00:10]} 21. Qxb5 {[%clk 00:09:53]} {[%emt 00:04:18]} Nxe5 {[%clk
00:23:17]} {[%emt 00:04:43]} 22. Qxe5 {[%clk 00:09:57]} {[%emt 00:00:06]} Kh8
{[%clk 00:22:53]} {[%emt 00:00:34]} 23. f3 {[%clk 00:06:41]} {[%emt 00:03:26]}
Nd7 {[%clk 00:17:46]} {[%emt 00:05:17]} 24. Qa5 {[%clk 00:05:50]} {[%emt
00:01:01]} Nb6 {[%clk 00:16:45]} {[%emt 00:01:11]} 25. Qa6 {[%clk 00:03:49]}
{[%emt 00:02:11]} Qh4 {[%clk 00:13:39]} {[%emt 00:03:16]} 26. g3 {[%clk
00:03:09]} {[%emt 00:00:51]} Qf6 {[%clk 00:13:01]} {[%emt 00:00:48]} 27. Kg2
{[%clk 00:03:03]} {[%emt 00:00:16]} Qc6 {[%clk 00:10:57]} {[%emt 00:02:14]} 28.
Bf4 {[%clk 00:02:24]} {[%emt 00:00:49]} Bb7 {[%clk 00:09:01]} {[%emt 00:02:06]}
29. Qd3 {[%clk 00:02:32]} {[%emt 00:00:01]} Be7 {[%clk 00:07:00]} {[%emt
00:02:11]} 30. Rd1 {[%clk 00:02:29]} {[%emt 00:00:13]} Bc8 {[%clk 00:05:15]}
{[%emt 00:01:56]} 31. b3 {[%clk 00:02:19]} {[%emt 00:00:19]} Qe6 {[%clk
00:04:52]} {[%emt 00:00:33]} 32. c4 {[%clk 00:02:29]} Qh3+ {[%clk 00:03:54]}
{[%emt 00:01:08]} 33. Kg1 {[%clk 00:02:38]} {[%emt 00:00:01]} Nd7 {[%clk
00:03:40]} {[%emt 00:00:24]} 34. Be3 {[%clk 00:02:26]} {[%emt 00:00:21]} Ne5
{[%clk 00:03:30]} {[%emt 00:00:20]} 35. Qe2 {[%clk 00:02:17]} {[%emt 00:00:20]}
Qh5 {[%clk 00:03:06]} {[%emt 00:00:34]} 36. Rf1 {[%clk 00:01:51]} {[%emt
00:00:36]} Bh3 {[%clk 00:03:14]} {[%emt 00:00:01]} 37. Rf2 {[%clk 00:01:56]}
{[%emt 00:00:05]} Qf7 {[%clk 00:02:52]} {[%emt 00:00:33]} 38. Bd4 {[%clk
00:01:46]} {[%emt 00:00:19]} Qe6 {[%clk 00:02:24]} {[%emt 00:00:38]} 39. f4
{[%clk 00:01:13]} {[%emt 00:00:43]} Nc6 {[%clk 00:01:55]} {[%emt 00:00:40]} 40.
Qe3 {[%clk 00:00:55]} {[%emt 00:00:28]} Qd7 {[%clk 00:01:17]} {[%emt 00:00:48]}
41. Rd2 {[%clk 00:00:29]} {[%emt 00:00:35]} Nxd4 {[%clk 00:01:14]} {[%emt
00:00:14]} 42. Rxd4 {[%clk 00:00:38]} {[%emt 00:00:01]} Bc5 {[%clk 00:01:21]}
{[%emt 00:00:03]} 43. Rxd7 {[%clk 00:00:47]} Bxe3+ {[%clk 00:01:30]} {[%emt
00:00:01]} 0-1

[Event "English Schools Championship Final 2024"]
[Site "Nottingham University Kings Meadow Campus, United Kingdom"]
[Date "2024.06.27"]
[Round "1.8"]
[White "Agrawal, Ansh"]
[Black "Ali, Shahvez"]
[Result "1/2-1/2"]
[TimeControl "G50' + 10\" per move."]
[WhiteFideId "473634"]
[BlackFideId "453790"]
[WhiteElo "1589"]
[BlackElo "2107"]

1. e4 {[%clk 00:50:19]} {[%emt 00:00:01]} e6 {[%clk 00:50:16]} {[%emt
00:00:05]} 2. Nc3 {[%clk 00:50:24]} {[%emt 00:00:04]} d5 {[%clk 00:50:22]}
{[%emt 00:00:03]} 3. d4 {[%clk 00:50:28]} {[%emt 00:00:06]} Bb4 {[%clk
00:50:29]} {[%emt 00:00:04]} 4. exd5 {[%clk 00:49:19]} {[%emt 00:01:18]} exd5
{[%clk 00:50:33]} {[%emt 00:00:07]} 5. Bd2 {[%clk 00:48:33]} {[%emt 00:00:56]}
Nf6 {[%clk 00:50:34]} {[%emt 00:00:09]} 6. Nf3 {[%clk 00:47:31]} {[%emt
00:01:12]} O-O {[%clk 00:50:38]} {[%emt 00:00:05]} 7. h3 {[%clk 00:47:24]}
{[%emt 00:00:18]} Re8+ {[%clk 00:49:15]} {[%emt 00:01:33]} 8. Be2 {[%clk
00:47:14]} {[%emt 00:00:19]} Qe7 {[%clk 00:49:18]} {[%emt 00:00:08]} 9. a3
{[%clk 00:46:27]} {[%emt 00:00:57]} Bd6 {[%clk 00:47:09]} {[%emt 00:02:19]} 10.
O-O {[%clk 00:44:53]} {[%emt 00:01:44]} h6 {[%clk 00:47:10]} {[%emt 00:00:09]}
11. Re1 {[%clk 00:44:37]} {[%emt 00:00:27]} c6 {[%clk 00:46:52]} {[%emt
00:00:27]} 12. Bd3 {[%clk 00:43:26]} {[%emt 00:01:21]} Be6 {[%clk 00:46:44]}
{[%emt 00:00:17]} 13. Ne2 {[%clk 00:41:40]} {[%emt 00:01:57]} Ne4 {[%clk
00:42:30]} {[%emt 00:04:24]} 14. Bf4 {[%clk 00:40:10]} {[%emt 00:01:39]} Nd7
{[%clk 00:41:00]} {[%emt 00:01:41]} 15. c4 {[%clk 00:36:20]} {[%emt 00:04:00]}
Qf6 {[%clk 00:37:17]} {[%emt 00:03:53]} 16. Qc1 {[%clk 00:31:06]} {[%emt
00:05:24]} Bf5 {[%clk 00:35:41]} {[%emt 00:01:46]} 17. Bxd6 {[%clk 00:27:30]}
{[%emt 00:03:46]} Nxd6 {[%clk 00:33:32]} {[%emt 00:02:18]} 18. Bxf5 {[%clk
00:26:18]} {[%emt 00:01:22]} Qxf5 {[%clk 00:33:21]} {[%emt 00:00:22]} 19. Ng3
{[%clk 00:25:52]} {[%emt 00:00:36]} Qg6 {[%clk 00:31:02]} {[%emt 00:02:28]} 20.
cxd5 {[%clk 00:25:32]} {[%emt 00:00:30]} cxd5 {[%clk 00:31:08]} {[%emt
00:00:04]} 21. Qc7 {[%clk 00:24:02]} {[%emt 00:01:40]} Red8 {[%clk 00:29:42]}
{[%emt 00:01:37]} 22. Ne5 {[%clk 00:22:42]} {[%emt 00:01:30]} Nxe5 {[%clk
00:28:22]} {[%emt 00:01:30]} 23. dxe5 {[%clk 00:22:19]} {[%emt 00:00:33]} Rac8
{[%clk 00:28:22]} {[%emt 00:00:10]} 24. Qe7 {[%clk 00:20:15]} {[%emt 00:02:13]}
Nf5 {[%clk 00:26:44]} {[%emt 00:01:48]} 25. Nxf5 {[%clk 00:19:11]} {[%emt
00:01:15]} Qxf5 {[%clk 00:26:52]} {[%emt 00:00:01]} 26. Qxb7 {[%clk 00:18:09]}
{[%emt 00:01:12]} Rc2 {[%clk 00:26:37]} {[%emt 00:00:25]} 27. Rf1 {[%clk
00:16:57]} {[%emt 00:01:22]} Qxe5 {[%clk 00:24:49]} {[%emt 00:01:59]} 28. Qxa7
{[%clk 00:15:52]} {[%emt 00:01:14]} Rxb2 {[%clk 00:24:09]} {[%emt 00:00:50]} 29.
Qa5 {[%clk 00:14:48]} {[%emt 00:01:14]} Qf6 {[%clk 00:23:18]} {[%emt 00:01:01]}
30. Rab1 {[%clk 00:12:32]} {[%emt 00:02:27]} Ra2 {[%clk 00:22:13]} {[%emt
00:01:14]} 31. Qc5 {[%clk 00:11:22]} {[%emt 00:01:20]} d4 {[%clk 00:21:52]}
{[%emt 00:00:32]} 32. Rbd1 {[%clk 00:10:52]} {[%emt 00:00:40]} d3 {[%clk
00:19:30]} {[%emt 00:02:32]} 33. a4 {[%clk 00:07:29]} {[%emt 00:03:33]} Rxa4
{[%clk 00:18:34]} {[%emt 00:01:05]} 34. Rd2 {[%clk 00:07:17]} {[%emt 00:00:22]}
Rad4 {[%clk 00:18:07]} {[%emt 00:00:37]} 35. Rfd1 {[%clk 00:06:53]} {[%emt
00:00:34]} R8d5 {[%clk 00:17:46]} {[%emt 00:00:31]} 36. Qc3 {[%clk 00:06:24]}
{[%emt 00:00:40]} Qf5 {[%clk 00:15:33]} {[%emt 00:02:23]} 37. Qc6 {[%clk
00:05:50]} {[%emt 00:00:43]} Qe4 {[%clk 00:15:00]} {[%emt 00:00:44]} 38. Qc1
{[%clk 00:05:11]} {[%emt 00:00:49]} Rg5 {[%clk 00:14:15]} {[%emt 00:00:55]} 39.
g3 {[%clk 00:04:15]} {[%emt 00:01:06]} Rgd5 {[%clk 00:13:08]} {[%emt 00:01:17]}
40. Re1 {[%clk 00:03:27]} {[%emt 00:00:57]} Qf5 {[%clk 00:12:59]} {[%emt
00:00:19]} 41. Kh2 {[%clk 00:03:28]} {[%emt 00:00:09]} Re4 {[%clk 00:11:51]}
{[%emt 00:01:18]} 42. Rxe4 {[%clk 00:02:59]} {[%emt 00:00:40]} Qxe4 {[%clk
00:12:00]} {[%emt 00:00:01]} 43. Qf1 {[%clk 00:02:41]} {[%emt 00:00:27]} Qf3
{[%clk 00:10:52]} {[%emt 00:01:18]} 44. Qh1 {[%clk 00:02:28]} {[%emt 00:00:24]}
Qf5 {[%clk 00:10:28]} {[%emt 00:00:33]} 45. Qf1 {[%clk 00:02:26]} {[%emt
00:00:12]} g5 {[%clk 00:10:25]} {[%emt 00:00:14]} 46. Qe1 {[%clk 00:01:58]}
{[%emt 00:00:38]} Kg7 {[%clk 00:10:03]} {[%emt 00:00:32]} 47. Qa1+ {[%clk
00:02:01]} {[%emt 00:00:07]} Qf6 {[%clk 00:09:13]} {[%emt 00:01:00]} 48. Qe1
{[%clk 00:02:05]} {[%emt 00:00:06]} Kg6 {[%clk 00:08:57]} {[%emt 00:00:26]} 49.
Qe4+ {[%clk 00:02:04]} {[%emt 00:00:11]} Qf5 {[%clk 00:08:59]} {[%emt
00:00:08]} 50. Qe3 {[%clk 00:01:57]} {[%emt 00:00:17]} h5 {[%clk 00:08:16]}
{[%emt 00:00:52]} 51. Qb6+ {[%clk 00:01:41]} {[%emt 00:00:27]} Qe6 {[%clk
00:07:24]} {[%emt 00:01:02]} 52. Qb8 {[%clk 00:01:17]} {[%emt 00:00:33]} f6
{[%clk 00:06:46]} {[%emt 00:00:49]} 53. Qb1 {[%clk 00:01:16]} {[%emt 00:00:11]}
Qd6 {[%clk 00:05:27]} {[%emt 00:01:28]} 54. Qe1 {[%clk 00:01:18]} {[%emt
00:00:08]} Qd7 {[%clk 00:05:15]} {[%emt 00:00:23]} 55. Qe4+ {[%clk 00:01:20]}
{[%emt 00:00:07]} f5 {[%clk 00:05:08]} {[%emt 00:00:17]} 56. Qc4 {[%clk
00:01:27]} {[%emt 00:00:04]} g4 {[%clk 00:04:48]} {[%emt 00:00:29]} 57. Qa6+
{[%clk 00:01:04]} {[%emt 00:00:33]} Rd6 {[%clk 00:04:35]} {[%emt 00:00:23]} 58.
Qc4 {[%clk 00:01:10]} {[%emt 00:00:04]} gxh3 {[%clk 00:04:40]} {[%emt
00:00:06]} 59. Kxh3 {[%clk 00:01:04]} {[%emt 00:00:16]} f4+ {[%clk 00:04:40]}
{[%emt 00:00:10]} 60. Kg2 {[%clk 00:00:55]} {[%emt 00:00:19]} fxg3 {[%clk
00:03:55]} {[%emt 00:00:55]} 61. fxg3 {[%clk 00:00:57]} {[%emt 00:00:07]} Qb7+
{[%clk 00:03:25]} {[%emt 00:00:41]} 62. Kh2 {[%clk 00:01:03]} {[%emt 00:00:04]}
Qd5 {[%clk 00:03:30]} {[%emt 00:00:05]} 63. Qf4 {[%clk 00:01:01]} {[%emt
00:00:11]} Re6 {[%clk 00:03:26]} {[%emt 00:00:14]} 64. Qf2 {[%clk 00:00:55]}
{[%emt 00:00:16]} Qe4 {[%clk 00:02:16]} {[%emt 00:01:20]} 65. Qf8 {[%clk
00:00:46]} {[%emt 00:00:19]} Rf6 {[%clk 00:01:27]} {[%emt 00:01:00]} 66. Qg8+
{[%clk 00:00:47]} {[%emt 00:00:09]} Kf5 {[%clk 00:01:31]} {[%emt 00:00:06]} 67.
Rf2+ {[%clk 00:00:51]} {[%emt 00:00:05]} Ke5 {[%clk 00:01:25]} {[%emt
00:00:16]} 68. Qg5+ {[%clk 00:00:44]} {[%emt 00:00:17]} Rf5 {[%clk 00:01:29]}
{[%emt 00:00:07]} 69. Qe7+ {[%clk 00:00:50]} {[%emt 00:00:03]} Kd4 {[%clk
00:01:32]} {[%emt 00:00:07]} 70. Qa7+ {[%clk 00:00:35]} {[%emt 00:00:26]} Ke5
{[%clk 00:00:46]} {[%emt 00:00:55]} 71. Qe7+ {[%clk 00:00:43]} {[%emt
00:00:02]} Kd4 {[%clk 00:00:48]} {[%emt 00:00:08]} 72. Qa7+ {[%clk 00:00:52]}
{[%emt 00:00:01]} Kc4 {[%clk 00:00:17]} {[%emt 00:00:42]} 73. Qa4+ {[%clk
00:00:51]} {[%emt 00:00:11]} Kd5 {[%clk 00:00:17]} {[%emt 00:00:10]} 74. Qa5+
{[%clk 00:00:59]} {[%emt 00:00:02]} Ke6 {[%clk 00:00:24]} {[%emt 00:00:02]} 75.
Qb6+ {[%clk 00:00:57]} {[%emt 00:00:12]} Kf7 {[%clk 00:00:31]} {[%emt
00:00:04]} 76. Qc7+ {[%clk 00:00:59]} {[%emt 00:00:07]} Kg6 {[%clk 00:00:40]}
77. Qd6+ {[%clk 00:00:57]} {[%emt 00:00:12]} Kg5 {[%clk 00:00:31]} {[%emt
00:00:20]} 78. Qd8+ {[%clk 00:01:01]} {[%emt 00:00:06]} Kg6 {[%clk 00:00:24]}
{[%emt 00:00:16]} 79. Qg8+ {[%clk 00:01:10]} {[%emt 00:00:02]} 1/2-1/2